Equipe NBA par logo - Statistiques

Statistiques générales
  • Ce quiz a été pris 181 fois
  • Le résultat moyen est 26 sur 30
Statistiques - réponses
Par images Réponse % Correct
Lakers
100%
Bulls
99%
Celtics
98%
Nets
97%
Spurs
97%
Warriors
97%
Pistons
96%
Clippers
95%
Hawks
95%
Heat
95%
Pacers
95%
Bucks
94%
Rockets
94%
Knicks
92%
Pelicans
92%
Magic
90%
Suns
89%
Hornets
88%
Timberwolves
87%
Cavaliers
86%
Raptors
85%
Jazz
83%
76ers
79%
Grizzlies
75%
Nuggets
73%
Mavericks
72%
Kings
70%
Thunder
65%
Wizards
54%
Blazers
44%
Aucun quiz correspondant
Distribution des résultats
% des personnes avec chaque résultat
Percentile par nombre de réponses
Votre historique - résultats
Vous n’avez pas pris ce quiz